Drawing animals
| Main Author: | |
|---|---|
| Format: | Book |
| Published: |
New Jersey :
Chartwell Books ,
1990
|
| Subjects: |
MARC
| LEADER | 00000cam a2200000 7i4500 | ||
|---|---|---|---|
| 001 | 0000000966 | ||
| 002 | 000001074 | ||
| 005 | 20000330.0 | ||
| 020 | |a 1555213995 | ||
| 090 | 0 | 0 | |a 743.6 |b AMB |
| 100 | 1 | |a Ambrus, Victor | |
| 245 | 1 | 0 | |a Drawing animals |c Victor Ambrus |
| 260 | |a New Jersey : |b Chartwell Books , |c 1990 | ||
| 300 | |a 120p. : |b ill. ; |c 34cm. | ||
| 650 | 0 | 0 | |a Animals in art |
| 650 | 0 | 0 | |a Art |x Technique |
| 650 | 0 | 0 | |a Pencil drawing |
| 999 | |a 030007 |b BUKU |c RUJUKAN |e PERPUSTAKAAN KOMUNITI PETALING JAYA | ||